Tate McRae - Paroles Sports car - Statistiques

Statistiques générales
  • Ce quiz a été pris 324 fois
    323 depuis la dernière actualisation
  • Le résultat moyen est 302 sur 371
Statistiques - réponses
Hint Réponse % Correct
uh
99%
uh)
99%
(Uh
99%
uh,
99%
I
98%
you
97%
You
97%
(You
97%
mm)
95%
a
94%
go
94%
go)
94%
Oh,
94%
(Oh)
94%
Bridge Oh
94%
know
93%
what
93%
is
92%
car
91%
think
91%
this
91%
can
90%
in
90%
Pré-refrain In
90%
sports
90%
me
89%
(Me)
89%
Yeah,
89%
no
88%
No,
88%
(No)
88%
got
87%
Got
87%
it
87%
of
87%
do
86%
my
86%
(My
86%
We
86%
we
86%
(We
86%
the
84%
but
83%
But
83%
wanna,
82%
wanna)
82%
wanna
82%
Mrs.
81%
don't
80%
jeans
80%
(Jeans)
80%
mine
80%
Pré-refrain On
80%
on
80%
on)
80%
Take
80%
take
80%
your
79%
drive
78%
far
77%
real
77%
While
77%
Couplet 1 Hey,
76%
room
76%
ain't
75%
back
75%
time
75%
time)
75%
cute
74%
off
74%
at
73%
make
73%
can't
72%
choose
72%
lookin'
72%
windows
72%
down
70%
eyes
70%
(Eyes)
70%
I'm
69%
more,
69%
own
69%
beach
68%
Boy,
68%
So
68%
Let's
67%
(Let's
67%
seat
66%
(Seat)
66%
And
65%
and
65%
bed
65%
hazel
65%
share
65%
center
64%
knees
64%
like
64%
ride
64%
corner
63%
maybe
63%
one
63%
waste
63%
could
62%
good
62%
again
60%
those
60%
you're
60%
alley,
59%
before
58%
did
57%
hurts
57%
(Hurts)
57%
put
57%
With
57%
butterflies
56%
goin'
56%
rolled
56%
weak
55%
gee
54%
(Gee)
54%
right
54%
(Right)
54%
verse
54%
blue
53%
Couplet 2 Pretty
53%
3,
52%
4
52%
golly
52%
keys?
50%
'bout
49%
(Lights)
49%
feels
48%
times
48%
guy-uy
46%
Thinkin'
45%
Where'd
42%
type
39%
(Type)
39%
if
37%
streetlights
31%
Intro (Illegal)
28%
(Come
16%
Aucun quiz correspondant
Distribution des résultats
% des personnes avec chaque résultat
Percentile par nombre de réponses
Votre historique - résultats
Vous n’avez pas pris ce quiz depuis la dernière actualisation